| 000 | 01284nam a22002777a 4500 | ||
|---|---|---|---|
| 003 | St Aloysius Coll | ||
| 005 | 20251030112959.0 | ||
| 008 | 251029b |||||||| |||| 00| 0 eng d | ||
| 020 | _a9789353065591 | ||
| 040 | _cAL | ||
| 041 | _aEnglish | ||
| 082 |
_a616.89 _bBUTA |
||
| 100 |
_aJill M Hooley _9243100 |
||
| 245 | _aAbnormal psychology | ||
| 250 | _a17th | ||
| 260 |
_aNoida _bPearson _c2024 |
||
| 300 |
_axxvi,83p _bPB _c25x20.5cm. |
||
| 365 |
_2General _a4225 _b₹832.00 _c₹ _d₹1040.00 _e20% _f23/10/2025 |
||
| 520 | _aAbnormal Psychology, 17e provides a comprehensive and engaging introduction to the primary psychological disorders studied within the discipline. Maintaining a focus on individuals, who are at the heart of the study of abnormal psychology, the authors employ a biopsychosocial approach to help achieve a holistic understanding of the context in which behavioral abnormalities occur. The Seventeenth Edition has also been extensively updated to reflect DSM-5 diagnostic categories, classifications, and criteria. | ||
| 650 |
_2Abnormal Psychology _aPsychology _9243101 |
||
| 700 |
_aButcher, James N _9243102 |
||
| 700 |
_aNock, Mattthew K _9243167 |
||
| 700 |
_aMineka, Susan _9243168 |
||
| 700 |
_aKapur, Preeti _9243169 |
||
| 942 |
_2ddc _cBK |
||
| 999 |
_c240598 _d240598 |
||